| 000 | 01359nam a2200301 a 4500 | ||
|---|---|---|---|
| 001 | |||
| 003 | DO-SdBNP | ||
| 005 | 20211005093202.0 | ||
| 008 | 090831s2004 dr 000 0 spa d | ||
| 020 | _a9993479136 | ||
| 040 |
_aDO-SdBNP _bspa _cBPMSU |
||
| 082 |
_a323.445 _bR696e 2004 _222 |
||
| 100 | 1 | _aRodríguez, Namphi | |
| 245 | 1 | 0 |
_aElementos de derecho de la información / _cNamphi Rodríguez ; prólogo Rafael Molina Morillo ; edición Nilda Peña. |
| 260 |
_aSanto Domingo : _bBúho, _c2004. |
||
| 300 |
_a231 p. ; _c22 cm. |
||
| 490 | 0 | _aPrensa y derecho | |
| 500 | _aIncluye datos biográficos del autor en la contracubierta. | ||
| 504 | _aBibliografía : p. 227-231. | ||
| 505 | _aLas libertades de expresión e información -- El acceso a las fuentes de información -- La cláusula de conciencia del periodista -- El secreto profesional -- Derecho de autor de la obra periodística -- El honor, la intimidad y la imagen de las personas -- Responsabilidad civil y penal del informador -- Delito de difamación e injuria -- Delitos informáticos -- Legislación de los medios de comunicación. | ||
| 590 | _aInventariado, 2021/VM | ||
| 650 | 4 | _aDerecho a la informacion | |
| 650 | 4 | _aAcceso a la informacion | |
| 700 | 1 |
_aMolina Morillo, Rafael _d1930-1917 _epról. |
|
| 700 | 1 |
_aPeña Nilda, _eed. |
|
| 910 | _aVMateo | ||
| 942 |
_2ddc _cBK |
||
| 999 |
_c13755 _d13755 |
||